| 000 | 00459nam a22001457a 4500 | ||
|---|---|---|---|
| 082 |
_aT-248 _cThesis |
||
| 100 |
_aJawad Ahmad _951746 |
||
| 245 | _aEvaluating the effects of waste glass and waste marble on the flexural strength of RCC-Beam and bond strength of concrete | ||
| 260 |
_aRisalpur, _bMCE, _c2019. |
||
| 300 |
_a43p. _bill. _c28cm. |
||
| 526 |
_a0 _b0 _c0 _dT_248 |
||
| 650 | _aStructure | ||
| 700 | _aDr Muhammad Shahid Siddique | ||
| 942 |
_2ddc _cBK |
||
| 999 |
_c554301 _d554301 |
||